000 00293 a2200121 4500
001 64560
082 _a613.25 AKR
090 _c38188
_d38188
100 _aMuhammad Akram
245 _aWazan gahtayia Omer Brhayia
_hUrdu
260 _aLahore
_bSang-e-Meel Publication
_c2003
300 _a82p.
942 _aNUST CAE
_k613.25 AKR
999 _c299633
_d299633